Πολυπληθείς Πόλεις της Ελλάδας - Ξαφνικός Θάνατος - Statistics

General Stats
  • This quiz has been taken 34 times
  • The average score is 7 of 26
Answers on the Grid
Answers color-coded by a green-red scale on the quiz's grid according to % correct below.
Νάουσα
Ορεστιάδα
Θέρμη
Έδεσσα
Πρέβεζα
Λιβαδειά
Άργος
Θήβα
Κιλκίς
Χίος
Τρίπολη
Πύργος
Βέροια
Κοζάνη
Πάτρα
Μυτιλήνη
Καβάλα
Αγρίνιο
Πειραιάς
Ναύπλιο
Σπάρτη
Ηράκλειο
Λάρισα
Βόλος
Σέρρες
Αλεξανδρούπολη
Καλαμάτα
Κατερίνη
Ρόδος
Λαμία
Ρέθυμνο
Σαλαμίνα
Γιαννιτσά
Διαβατά
Ιεράπετρα
Αλεξάνδρεια
Αμαλιάδα
Ναύπακτος
Λουτράκι
Άγιος Νικόλαος
Ερμούπολη
Αργοστόλι
Αμφιλοχία
Ηγουμενίτσα
Μεσολόγγι
Καστοριά
Καρπενήσι
Άμφισσα
 
Answer Stats
Answer % Correct
Πάτρα
58%
Λάρισα
58%
Ηράκλειο
50%
Βόλος
50%
Αλεξανδρούπολη
42%
Τρίπολη
33%
Μυτιλήνη
33%
Πειραιάς
33%
Σέρρες
33%
Καλαμάτα
33%
Κατερίνη
33%
Λαμία
33%
Καβάλα
25%
Αγρίνιο
25%
Ρέθυμνο
25%
Χίος
17%
Βέροια
17%
Ρόδος
17%
Γιαννιτσά
17%
Άργος
8%
Θήβα
8%
Κιλκίς
8%
Λιβαδειά
0%
Πύργος
0%
Κοζάνη
0%
Σαλαμίνα
0%
No matching quizzes found
Score Distribution
Percent of People with Each Score
Percentile by Number Answered
Your Score History
You have not taken this quiz